Statistics for Stages of Mitosis

Click here to take the quiz!

General Stats

  • This quiz has been taken 413 times
  • The average score is 4 of 5

Answer Stats

HintAnswer% Correct
Cell splits in the middleMetaphase
96%
Cells pull apartAnaphase
95%
Chromosomes are now visibleProphase
93%
Cell is normal; nothing changesInterphase
84%
Opposite of Number 2Telaphase
30%

Score Distribution

Percentile by Number Answered

Percent of People with Each Score

Your Score History

You have not taken this quiz